01042nam a2200229 i 450000100060000000300090000600500170001500700030003200800410003502000180007608000230009424501360011726000900025330000300034350002260037350400320059960000290063165500400066070000410070071000380074185200330077977810ES-MaACL20250817190702.0t|041110s1999 it ||||1| spa d a88-8118-499-0 a75 Greco (083.824)03aEl Greco, identidad y transformación b: Creta, Italia, España : [exposición] / cedición a cargo de José Alvarez Lopera. a[Madrid] : bFundación Colección Thyssen-Bornemisza ; aItalia :bSkira, c[1999] a455 p. : bil. ; c29 cm. aMuseo Thyssen-Bornemisza, Madrid, 3 de febrero-16 de mayo 1999 ; Palacio de Exposiciones, Roma, 2 de junio-19 de septiembre 1999 ; Pinacoteca Nacional-Museo Alexandros Soutzos, Atenas, 18 de octubre 1999-17 de enero 2000. aBibliografía: p. 435-455.04aEl Greco-vExposiciones. 72tgfbneaCatálogos de exposiciones1 aÁlvarez Lopera, José,d1950-20082 aMuseo Nacional Thyssen-Bornemisza aES-MaACLjL-28411 bR.134521